[Event "Catalunya-chT GpB final"]
[Site "Barcelona"]
[Date "2015.04.18"]
[Round "11.2"]
[White "Izquierdo Morato, Jaume"]
[Black "Jimenez Ruano, Adrian"]
[Result "0-1"]
[WhiteElo "1655"]
[BlackElo "1951"]
[PlyCount "56"]
[EventDate "2015.03.14"]
[EventType "team-tourn"]
[EventRounds "11"]
[EventCountry "ESP"]
[SourceTitle "EXT 2016"]
[Source "ChessBase"]
[SourceDate "2015.10.08"]
[SourceVersion "1"]
[SourceVersionDate "2015.10.08"]
[SourceQuality "1"]
[WhiteTeam "Montcada"]
[BlackTeam "Cerdanyola Valles"]
[WhiteTeamCountry "ESP"]
[BlackTeamCountry "ESP"]

1. d4 d5 2. c4 e6 3. Nc3 c6 4. Nf3 Nf6 5. a3 Nbd7 6. Bg5 Be7 7. e3 0-0 8. c5 Ne4 9. Bf4 Nxc3 10. bxc3 f6 11. Bd3 e5 12. dxe5 fxe5 13. Nxe5 Nxc5 14. Bxh7+ Kxh7 15. Qh5+ Kg8 16. Ng6 Nd3+ 17. Kf1 Rf5 18. Qh8+ Kf7 19. Qh7 Bd7 20. g4 Rf6 21. Ne5+ Nxe5 22. Bxe5 Rg6 23. f3 Bf6 24. Bd4 Bxd4 25. cxd4 Qf6 26. Ke2 Re8 27. Kd2 Qd8 28. Rac1 Rh8 0-1

[Event "Catalunya-chT"]
[Site "Catalunya"]
[Date "2014.04.05"]
[Round "11.4"]
[White "Izquierdo Morato, Jaume"]
[Black "Fernandez Madrid, Carlos"]
[Result "0-1"]
[WhiteElo "1655"]
[BlackElo "2135"]
[PlyCount "80"]
[EventDate "2014.01.25"]
[EventType "team"]
[EventRounds "11"]
[EventCountry "ESP"]
[SourceTitle "EXT 2015"]
[Source "ChessBase"]
[SourceDate "2014.11.20"]
[SourceVersion "1"]
[SourceVersionDate "2014.11.20"]
[SourceQuality "1"]
[WhiteTeam "Montcada"]
[BlackTeam "Badalona Sant Josep"]
[WhiteTeamCountry "ESP"]
[BlackTeamCountry "ESP"]

1. d4 Nf6 2. c4 c6 3. Nc3 d5 4. Nf3 g6 5. h3 Bg7 6. a3 dxc4 7. e4 b5 8. Be3 0-0 9. Be2 Bb7 10. 0-0 a5 11. b4 axb4 12. axb4 Na6 13. Rb1 Nc7 14. Ne5 Nd7 15. Ng4 Ra3 16. Qc2 h5 17. Nh2 Qa8 18. Nf3 e5 19. Rfd1 exd4 20. Bxd4 Nf6 21. Bc5 Rxc3 22. Qxc3 Nxe4 23. Qe3 Nxc5 24. Qxc5 Nd5 25. Re1 Bc3 26. Rec1 Bf6 27. Nd4 Be7 28. Ra1 Bxc5 29. Rxa8 Bxd4 30. Rxf8+ Kxf8 31. Rb1 Nc3 32. Rb2 Nxe2+ 33. Rxe2 Bc3 34. Ra2 Kg7 35. Ra7 Bc8 36. Rc7 Bf5 37. Rxc6 Bxb4 38. Rb6 c3 39. Rc6 c2 40. Kf1 Bd3+ 0-1

[Event "Catalunya-chT"]
[Site "Catalunya"]
[Date "2014.03.29"]
[Round "10.4"]
[White "Moreno Garcia, Elizabeth Paola"]
[Black "Izquierdo Morato, Jaume"]
[Result "1-0"]
[WhiteElo "2077"]
[BlackElo "1655"]
[PlyCount "81"]
[EventDate "2014.01.25"]
[EventType "team"]
[EventRounds "11"]
[EventCountry "ESP"]
[SourceTitle "EXT 2015"]
[Source "ChessBase"]
[SourceDate "2014.11.20"]
[SourceVersion "1"]
[SourceVersionDate "2014.11.20"]
[SourceQuality "1"]
[WhiteTeam "Barcelona Escola Escacs"]
[BlackTeam "Montcada"]
[WhiteTeamCountry "ESP"]
[BlackTeamCountry "ESP"]

1. e4 c5 2. c3 Nc6 3. d4 cxd4 4. cxd4 e6 5. Nc3 Nf6 6. e5 Nd5 7. Nf3 Be7 8. Bd3 0-0 9. 0-0 d6 10. exd6 Bxd6 11. Ne4 Be7 12. a3 a6 13. Bc2 Nf6 14. Qd3 Nxe4 15. Qxe4 f5 16. Qd3 Bf6 17. Rd1 Qe8 18. Bb3 Kh8 19. Bf4 Ne7 20. Re1 Ng6 21. Be5 Qd8 22. Rac1 Nxe5 23. Nxe5 Qe7 24. d5 Qd6 25. f4 Bxe5 26. fxe5 Qb6+ 27. Qe3 Qd8 28. d6 Bd7 29. Rc7 Rb8 30. Rec1 Qe8 31. Qg5 Rf7 32. R1c3 f4 33. Rh3 Qg8 34. Bc2 h6 35. Bg6 Rc8 36. Bxf7 Qxf7 37. Rxc8+ Bxc8 38. Qd8+ Qg8 39. Qxg8+ Kxg8 40. Rc3 Bd7 41. Rc7 1-0